Concepts and techniques of geographic information systems / (Record no. 8550)

MARC details
000 -LEADER
fixed length control field 00692nam a22002172 4500
001 - CONTROL NUMBER
control field 0000018396
005 - DATE AND TIME OF LATEST TRANSACTION
control field 20151217152127.0
008 - FIXED-LENGTH DATA ELEMENTS--GENERAL INFORMATION
fixed length control field 091026s xx 000 0 eng d
020 ## - INTERNATIONAL STANDARD BOOK NUMBER
International Standard Book Number 013149502x :
040 ## - CATALOGING SOURCE
Original cataloging agency KABU
Transcribing agency KABU
100 1# - MAIN ENTRY--PERSONAL NAME
Personal name Lo, C. P.
-- 0000177624
245 10 - TITLE STATEMENT
Title Concepts and techniques of geographic information systems /
Statement of responsibility, etc. C. P. Lo, Albert K. W. Yeung.
250 ## - EDITION STATEMENT
Edition statement 2nd ed.
260 ## - PUBLICATION, DISTRIBUTION, ETC. (IMPRINT)
Place of publication, distribution, etc. Upper Saddle River, NJ. :
Name of publisher, distributor, etc. Pearson,
Date of publication, distribution, etc. 2007.
300 ## - PHYSICAL DESCRIPTION
Extent xii, 532 p.
650 #0 - SUBJECT ADDED ENTRY--TOPICAL TERM
Topical term or geographic name as entry element Geographic information systems.
-- 0000169612
700 1# - ADDED ENTRY--PERSONAL NAME
Personal name Yeung, Albert K. W.
-- 0000177625
852 1# - LOCATION
-- p4050 KES
908 ## - PUT COMMAND PARAMETER (RLIN)
Put command parameter 091026
950 ## - LOCAL HOLDINGS (RLIN)
-- 1
Holdings
Withdrawn status Lost status Source of classification or shelving scheme Not for loan Home library Current library Date acquired Total Checkouts Full call number Barcode Date last seen Price effective from Koha item type
    Library of Congress Classification   Kabarak, Main Campus Kabarak, Main Campus 17/12/2015   G70.212 .L6 2007 c. 1 18045 17/12/2015 17/12/2015 General Collection
Designed with assistance from East African Informatics Ltd